Idénticos o diversos Factores de etnia, raza y nación en la construcción del pueblo latinoamericano /
Na minha lista:
| Autor principal: | |
|---|---|
| Autor Corporativo: | |
| Formato: | Anais de Congresso |
| Assuntos: | |
| Tags: |
Adicionar Tag
Sem tags, seja o primeiro a adicionar uma tag!
|
MARC
| LEADER | 00000 a a2200000 04500 | ||
|---|---|---|---|
| 001 | 44706 | ||
| 003 | |||
| 040 | |||
| 100 | |a Duncan, Quince | ||
| 111 | |a Encuentro de científicos sociales y teólogos sobre el tema "El discernimiento de las utopías", 2 | ||
| 245 | |a Idénticos o diversos |b Factores de etnia, raza y nación en la construcción del pueblo latinoamericano / |c Quince Duncan | ||
| 650 | |a DISCRIMINACION RACIAL | ||
| 650 | |a HISTORIA | ||
| 773 | |g páginas 275-286 | ||
| 999 | |c 31589 |d 31589 | ||
